Nguyễn Công Hoan toàn tập. Tập 9, Hồi ký, tạp văn /

Đời viết văn của tôi (1971); Nguyễn Công Hoan với nghề văn; Nguyễn Công Hoan vài dấu tích với cuộc kháng chiến.

Đã lưu trong:
書目詳細資料
其他作者: Lê Minh (sưu tầm và biên soạn.)
格式: 圖書
語言:Vietnamese
出版: Hà Nội : Văn học, 2004.
主題:
標簽: 添加標簽
沒有標簽, 成為第一個標記此記錄!
Thư viện lưu trữ: Mạng thư viện Đại học Đà Nẵng
LEADER 01418cam a2200361 a 4500
001 000043829
003 1914
005 20060627100454.0
008 010217b2004 vm 000 vie
040 |a LRC  |c LRC  |d LRC 
041 0 |a vie 
082 1 4 |a 895.9233  |b Ng-C 
245 0 0 |a Nguyễn Công Hoan toàn tập.  |n Tập 9,  |p Hồi ký, tạp văn /  |c Lê Minh sưu tầm và biên soạn. 
246 3 4 |a Nguyễn Công Hoan toàn tập.  |n Tập 9,  |p Ký và tiểu thuyết. 
260 |a Hà Nội :  |b Văn học,  |c 2004. 
300 |a 937 tr. ;  |c 20,5 cm. 
520 3 |a Đời viết văn của tôi (1971); Nguyễn Công Hoan với nghề văn; Nguyễn Công Hoan vài dấu tích với cuộc kháng chiến. 
600 1 4 |a Nguyễn Công Hoan.  |d 1903-1977. 
630 0 4 |a Văn học việt. 
650 0 4 |a Văn học Việt  |x Nguyễn Công Hoan,  |d 1903-1977. 
700 1 |a Lê Minh,  |e sưu tầm và biên soạn. 
OWN |a DUT 
AVA |a UDN50  |b DUT  |c Book  |d 895.9233 Ng-C  |e available  |t Error 5001 Not defined in file expand_doc_bib_avail.  |f 2  |g 0  |h N  |i 0  |j SH  |k 1 
999 |a From the UDN01 
AVA |a UDN50  |b DUT  |c Book  |d 895.9233 Ng-C  |e available  |t Error 5001 Not defined in file expand_doc_bib_avail.  |f 2  |g 0  |h N  |i 0  |j SH  |k 1 
TYP |a Monograph 
TYP |a Printed language 
980 |a Mạng thư viện Đại học Đà Nẵng